Biggest urban areas in Europe (by population) - Statistics

General Stats
  • This quiz has been taken 444 times
  • The average score is 12 of 15
Answer Stats
Hint Answer % Correct
10,236,000 London
100%
10,858,000 Paris
99%
4,069,000 Berlin
97%
3,906,000 Rome
97%
6,171,000 Madrid
96%
4,693,000 Barcelona
95%
5,257,000 Milan
94%
3,484,000 Athens
86%
3,706,000 Naples
78%
2,448,000 Birmingham
76%
2,560,000 Manchester
76%
2,666,000 Lisbon
73%
2,657,000 Rotterdam-Haag
44%
6,679,000 Ruhr area
42%
2,231,000 Katowice
14%
No matching quizzes found
Score Distribution
Percent of People with Each Score
Percentile by Number Answered
Your Score History
You have not taken this quiz